000 00764nam a2200229 i 4500
003 EG-ScBUE
005 20251201093444.0
008 200219s2019 enk f 000 0 eng d
040 _aEG-ScBUE
_beng
_erda
_cEG-ScBUE
_dEG-ScBUE
082 0 4 _a782.4216490922
_222
_bABD
100 1 _aAbdurraqib, Hanif,
_d1983-
_eauthor.
245 1 0 _aGo ahead in the rain :
_bnotes to a tribe called quest /
_cby Hanif Abdurraqib.
264 1 _aLondon :
_bMelville House,
_c2019.
300 _a205 pages ;
_c20 cm
336 _atext
_2rdacontent
_btxt
337 _aunmediated
_2rdamedia
_bn
338 _avolume
_2rdacarrier
_bnc
610 2 7 _aTribe Called Quest (Musical group)
_2BUEsh
650 7 _aRap musicians
_zUnited States.
_2BUEsh
655 _vReading book
942 _2ddc
_cBB
999 _c31032
_d31003